| 000 | 00667cab a2200193 4500 | ||
|---|---|---|---|
| 001 | WB2612-17 | ||
| 008 | 090401t1990 xxu||||| |||| 00| 0 eng d | ||
| 035 | _a(Sirsi) u15630 | ||
| 041 | _aeng | ||
| 245 | _aAuthorised property unit trusts | ||
| 260 | _c1990 | ||
| 350 | _a0 | ||
| 490 |
_aFinancial Times _v20/3/90 p13 |
||
| 520 | _aThe DTI and the SIB have published draft regulations on the trading of authorised property unit trusts . Budget proposals to shift the basis of corporation tax on authorised unit trusts will assist. | ||
| 650 | _aPROPERTY UNIT TRUSTS | ||
| 690 | _aPROPERTY-PROPERTY FINANCE AND INVESTMENT | ||
| 942 | _n0 | ||
| 948 | _c04/03/1997 | ||
| 999 |
_c10275 _d10275 |
||